000 01146 a2200193 4500
003 Nust
005 20221221132942.0
040 _cNust
082 _a621.38412,PRE
100 _aPressman, Abraham I.
_958744
245 _aDesign of transistorized circuits for digital computers /
_cAbraham I.Pressman,
250 _a1st ed
260 _aRider
_bNew York,
_c1959
300 _a316 p
_billus
_c24 cm
505 _aBasic Building Blocks in Digital Computers (Page-1), Logical Chains in Digital Computers (Page-11), Transistor Fundamentals (Page-34), Transistor Transient Response (Page-55), Diode Gating (Page-93), Voltage Switching Diode Gate Logic with Transistor Inverting Amplifiers (Page-114), Current Switching Diode Gate Logic with Transistor Inverting Amplifiers (Page-145), Resistance Logic with Transistor Inverting Amplifiers (Page-190), Direct Coupled Transistor Logic (Page-221), Miscellaneous Transistorized Logic Circuits (Page-254), Design of Flip Flop and Delay Multivibrators (Page-278).
600 _aPressman, Abraham I.
_958744
650 _aDesign of transistorized circuits for digital computers
_9105563
942 _2ddc
_cBK
999 _c183361
_d183361